Mon père est connu - Statistiques

Statistiques générales
  • Ce quiz a été pris 82 fois
  • Le résultat moyen est 5 sur 16
Statistiques - réponses
Par images Réponse % Correct
Johnny Depp
69%
Will Smith
55%
Prince William
51%
Benjamin Castaldi
41%
Lenny Kravitz
41%
Donald Trump
36%
Zinedine Zidane
32%
Vincent Cassel
31%
Tom Cruise
21%
Alain Delon
19%
François Hollande
19%
Yannick Noah
16%
Gad Elmaleh
12%
Kim Jung-Un
7%
Jamel Debbouze
4%
Robert de Niro
1%
Aucun quiz correspondant
Distribution des résultats
% des personnes avec chaque résultat
Percentile par nombre de réponses
Votre historique - résultats
Vous n’avez pas pris ce quiz